[Event "Toronto NAYCC U12 Girls"]
[Site "Toronto"]
[Date "2013.08.18"]
[Round "8"]
[White "Sengupta, Sikata B"]
[Black "Liu, Jiaxin"]
[Result "1/2-1/2"]
[WhiteElo "1513"]
[BlackElo "1693"]
[PlyCount "34"]
[EventDate "2013.08.14"]
[EventType "swiss"]
[EventRounds "9"]
[EventCountry "CAN"]
[SourceTitle "EXT 2022"]
[Source "ChessBase"]
[SourceDate "2021.10.06"]
[SourceVersion "1"]
[SourceVersionDate "2021.10.06"]
[SourceQuality "1"]

1. d4 Nf6 2. Nf3 g6 3. g3 Bg7 4. Bg2 0-0 5. c4 e6 6. Nc3 d6 7. 0-0 Nbd7 8. Re1 Nb6 9. b3 d5 10. cxd5 Nfxd5 11. Bb2 Nxc3 12. Bxc3 Nd5 13. Bb2 Rb8 14. e4 Ne7 15. Rb1 b6 16. Qe2 Bb7 17. Rbd1 Re8 1/2-1/2

[Event "Toronto NAYCC U12 Girls"]
[Site "Toronto"]
[Date "2013.08.18"]
[Round "9"]
[White "Zhu, Jiarong"]
[Black "Sengupta, Sikata B"]
[Result "1-0"]
[WhiteElo "1224"]
[BlackElo "1513"]
[PlyCount "109"]
[EventDate "2013.08.14"]
[EventType "swiss"]
[EventRounds "9"]
[EventCountry "CAN"]
[SourceTitle "EXT 2022"]
[Source "ChessBase"]
[SourceDate "2021.10.06"]
[SourceVersion "1"]
[SourceVersionDate "2021.10.06"]
[SourceQuality "1"]

1. e4 e6 2. d4 d5 3. Nd2 dxe4 4. Nxe4 Bd7 5. Nf3 Bc6 6. Nc3 Bxf3 7. Qxf3 c6 8. Be3 Qb6 9. Nd1 Nf6 10. c3 Qc7 11. Bc4 Bd6 12. h3 Nbd7 13. 0-0 0-0 14. Bg5 Rfe8 15. Ne3 h6 16. Bh4 e5 17. Ng4 e4 18. Nxf6+ Nxf6 19. Qe3 Bf4 20. Qe2 e3 21. Qf3 exf2+ 22. Bxf2 Ne4 23. Be1 Bh2+ 24. Kh1 Ng5 25. Qf5 Bd6 26. Bh4 g6 27. Qf6 Ne6 28. Rae1 Rf8 29. Bxe6 fxe6 30. Qxg6+ Qg7 31. Qxe6+ Rf7 32. Qxd6 Raf8 33. Rxf7 Qxf7 34. Qxh6 Qf5 35. Re7 Qf1+ 36. Kh2 Qf4+ 37. Qxf4 Rxf4 38. Bg3 Rf7 39. Rxf7 Kxf7 40. Bf2 a6 41. g4 Kf6 42. h4 Kg6 43. Kg3 Kh6 44. Kf4 Kg6 45. h5+ Kh6 46. Kf5 c5 47. dxc5 b5 48. c6 b4 49. cxb4 a5 50. bxa5 Kh7 51. c7 Kh6 52. c8Q Kh7 53. Qc6 Kh8 54. Qc7 Kg8 55. Kf6 1-0

[Event "Toronto NAYCC U12 Girls"]
[Site "Toronto"]
[Date "2013.08.16"]
[Round "4"]
[White "Sengupta, Sikata B"]
[Black "Kao, Camille Y"]
[Result "1/2-1/2"]
[WhiteElo "1513"]
[BlackElo "1747"]
[PlyCount "150"]
[EventDate "2013.08.14"]
[EventType "swiss"]
[EventRounds "9"]
[EventCountry "CAN"]
[SourceTitle "EXT 2022"]
[Source "ChessBase"]
[SourceDate "2021.10.06"]
[SourceVersion "1"]
[SourceVersionDate "2021.10.06"]
[SourceQuality "1"]

1. d4 d5 2. Nf3 Nf6 3. g3 Bf5 4. Bg2 e6 5. c4 dxc4 6. Qa4+ c6 7. Qxc4 Be7 8. 0-0 0-0 9. Qb3 b6 10. Nc3 Nbd7 11. Nh4 Rc8 12. Nxf5 exf5 13. Qa4 Qc7 14. Re1 b5 15. Qc2 g6 16. Bh6 Rfe8 17. Rac1 Qb6 18. Red1 Bf8 19. Bxf8 Kxf8 20. h3 a5 21. e3 Kg7 22. Qd2 Ne4 23. Qd3 Ndf6 24. Ne2 c5 25. dxc5 Rxc5 26. Rxc5 Qxc5 27. Nd4 b4 28. Qb5 Qxb5 29. Nxb5 Rc8 30. Nd4 a4 31. Bf1 a3 32. bxa3 bxa3 33. Bd3 Rb8 34. Rb1 Rxb1+ 35. Bxb1 Nc3 36. Bc2 Nxa2 37. Nb5 Nb4 38. Nxa3 Nxc2 39. Nxc2 Ne4 40. Kg2 Kf6 41. Nd4 h6 42. h4 Ke5 43. Kf3 f6 44. Nc6+ Kd6 45. Nd8 h5 46. Nb7+ Ke5 47. Na5 g5 48. Nc4+ Ke6 49. Nb2 Nc3 50. Nd3 Nd5 51. Kg2 Kd6 52. Ne1 Nc3 53. Nf3 Ne4 54. Nd4 gxh4 55. Nxf5+ Ke5 56. Nxh4 f5 57. Ng6+ Kf6 58. Nf4 Kg5 59. Nh3+ Kf6 60. f4 Kg6 61. Nf2 Nd2 62. Nd3 Ne4 63. Ne5+ Kf6 64. Kh3 Kg7 65. Kh4 Kh6 66. Nf3 Nf2 67. Nd4 Kg6 68. Nc2 Ng4 69. Kh3 Nf2+ 70. Kg2 Ne4 71. Nd4 Nd2 72. Nf3 Ne4 73. Ne5+ Kf6 74. Kh3 Kg7 75. Kh4 Kh6 1/2-1/2

[Event "Toronto NAYCC U12 Girls"]
[Site "Toronto"]
[Date "2013.08.16"]
[Round "5"]
[White "Zhou, Lily"]
[Black "Sengupta, Sikata B"]
[Result "1-0"]
[WhiteElo "1643"]
[BlackElo "1513"]
[PlyCount "115"]
[EventDate "2013.08.14"]
[EventType "swiss"]
[EventRounds "9"]
[EventCountry "CAN"]
[SourceTitle "EXT 2022"]
[Source "ChessBase"]
[SourceDate "2021.10.06"]
[SourceVersion "1"]
[SourceVersionDate "2021.10.06"]
[SourceQuality "1"]

1. d4 d5 2. c4 e6 3. Nc3 Nf6 4. Nf3 Nbd7 5. Bg5 c6 6. e3 Qa5 7. cxd5 exd5 8. Bd3 Ne4 9. Qc2 f5 10. 0-0 Bd6 11. Bh4 Qc7 12. b4 Nb6 13. b5 Bd7 14. bxc6 Qxc6 15. Ne2 Qxc2 16. Bxc2 h6 17. Bg3 Nxg3 18. Nxg3 Rf8 19. Nh4 f4 20. Ngf5 Bxf5 21. Nxf5 0-0-0 22. Nxg7 Rf7 23. Ne6 Rg8 24. Rac1 Kb8 25. Bd3 fxe3 26. fxe3 Re7 27. Rf6 Rge8 28. Bf5 Nc4 29. e4 dxe4 30. Rxc4 e3 31. Rc2 Rc8 32. Rxc8+ Kxc8 33. Nf4+ Kd8 34. Rxd6+ Kc7 35. Nd5+ Kxd6 36. Nxe7 Kxe7 37. Kf1 Kf6 38. Be4 b5 39. Ke2 a5 40. Kxe3 b4 41. Bc2 Ke6 42. Ke4 Kd6 43. Ba4 Ke6 44. h3 Kd6 45. Bb3 h5 46. g4 hxg4 47. hxg4 Ke7 48. Ke5 Ke8 49. Ke6 a4 50. Bxa4+ Kf8 51. d5 b3 52. axb3 Kg8 53. d6 Kf8 54. d7 Kg7 55. b4 Kh6 56. Kf6 Kh7 57. d8R Kh6 58. Rh8# 1-0

[Event "Toronto NAYCC U12 Girls"]
[Site "Toronto"]
[Date "2013.08.15"]
[Round "2"]
[White "Sengupta, Sikata B"]
[Black "Escamilla Romero, Quetzija"]
[Result "1-0"]
[WhiteElo "1513"]
[BlackElo "1151"]
[PlyCount "87"]
[EventDate "2013.08.14"]
[EventType "swiss"]
[EventRounds "9"]
[EventCountry "CAN"]
[SourceTitle "EXT 2022"]
[Source "ChessBase"]
[SourceDate "2021.10.06"]
[SourceVersion "1"]
[SourceVersionDate "2021.10.06"]
[SourceQuality "1"]

1. d4 Nf6 2. Nf3 g6 3. g3 Bg7 4. Bg2 0-0 5. c4 d6 6. 0-0 Bf5 7. Qb3 Qc8 8. Nh4 Be4 9. Nf3 c5 10. e3 Nc6 11. Nbd2 Rb8 12. Nxe4 Nxe4 13. d5 Na5 14. Qc2 Qg4 15. h3 Qf5 16. Nh4 Qe5 17. Bxe4 f5 18. Bg2 b5 19. Nf3 Qf6 20. cxb5 Rxb5 21. Rb1 Qf7 22. Ng5 Qf6 23. Ne6 Rfb8 24. Nxg7 Kxg7 25. b3 e6 26. dxe6 Qxe6 27. Bb2+ Kg8 28. Rfd1 c4 29. a4 Rc5 30. Qd2 Nxb3 31. Qc3 Qe5 32. Qxe5 dxe5 33. Bd5+ Kf8 34. Ba3 Rbc8 35. Bxc4 Ke8 36. Bxc5 Rxc5 37. Bxb3 a5 38. Bd5 Ke7 39. Rb7+ Kf6 40. Bg8 Rc3 41. Rd6+ Kg5 42. f4+ exf4 43. exf4+ Kh6 44. Rxh7# 1-0

[Event "Toronto NAYCC U12 Girls"]
[Site "Toronto"]
[Date "2013.08.14"]
[Round "1"]
[White "Yu, Jennifer R"]
[Black "Sengupta, Sikata B"]
[Result "1-0"]
[WhiteElo "1993"]
[BlackElo "1513"]
[PlyCount "109"]
[EventDate "2013.08.14"]
[EventType "swiss"]
[EventRounds "9"]
[EventCountry "CAN"]
[SourceTitle "EXT 2022"]
[Source "ChessBase"]
[SourceDate "2021.10.06"]
[SourceVersion "1"]
[SourceVersionDate "2021.10.06"]
[SourceQuality "1"]

1. c4 e6 2. e4 c6 3. d4 d5 4. cxd5 exd5 5. exd5 Qxd5 6. Nc3 Qd8 7. Bc4 Nf6 8. Nf3 Be7 9. 0-0 0-0 10. h3 Nbd7 11. Bg5 h6 12. Bh4 Nb6 13. Bb3 Bf5 14. Re1 Qc7 15. Rc1 a6 16. a4 Rad8 17. Qe2 Rfe8 18. Ne5 Nfd5 19. Bg3 Bb4 20. Qh5 Be6 21. Nxd5 Nxd5 22. Nxc6 Qb6 23. Nxd8 Bxe1 24. Bxd5 Bxd5 25. Qxd5 Bxf2+ 26. Bxf2 Rxd8 27. Qa2 Qa5 28. Rf1 Qb4 29. Be3 Rd7 30. Rc1 Rd8 31. Qc4 Qxb2 32. Rf1 Rf8 33. Bc1 Qb6 34. Ba3 Rd8 35. Qxf7+ Kh8 36. Bc5 Qc6 37. Qe7 Rg8 38. Rf8 b6 39. Rxg8+ Kxg8 40. Qd8+ Kh7 41. Qxb6 Qxa4 42. Qb1+ Kg8 43. Qf1 Kh7 44. d5 Qa5 45. Qf5+ Kg8 46. d6 Qd8 47. Qe6+ Kh7 48. d7 Qc7 49. Qf5+ Kg8 50. Qf8+ Kh7 51. d8Q Qxd8 52. Qxd8 a5 53. Qe8 a4 54. Qf7 a3 55. Bd4 1-0